Southville International School and Colleges
Your cart is empty.
  • Cart
  • Lists
    Public lists Eva Luna New books Lux_list list_1
    Your lists Log in to create your own lists
  • Log in to your account
  • Your cookies
  • Search history
Southville International School and Colleges
  • Advanced search
  • Recent comments
  • Most popular
  • Libraries

Log in to your account

Log in with GOOGLE


If you do not have an external account, but do have a local account, you can still log in:

  1. Home
  2. MARC view: Cyberspace and cybersecurity /
Normal view MARC view ISBD view

Cyberspace and cybersecurity / (Record no. 25788)

[ view plain ]
MARC details
000 -LEADER
fixed length control field 00638nam a22002057a 4500
005 - DATE AND TIME OF LATEST TRANSACTION
control field 20140310183639.0
008 - FIXED-LENGTH DATA ELEMENTS--GENERAL INFORMATION
fixed length control field 131214b xxu||||| |||| 00| 0 eng d
020 ## - INTERNATIONAL STANDARD BOOK NUMBER
International Standard Book Number 9781466501331
050 ## - LIBRARY OF CONGRESS CALL NUMBER
Classification number TK 5105.59
Item number .K86 2013
100 ## - MAIN ENTRY--PERSONAL NAME
Personal name Kostopoulos, George K.
245 ## - TITLE STATEMENT
Title Cyberspace and cybersecurity /
Statement of responsibility, etc George K. Kostopoulos.
260 ## - PUBLICATION, DISTRIBUTION, ETC. (IMPRINT)
Place of publication, distribution, etc Boca Raton, Fl. :
Name of publisher, distributor, etc CRC Press,
Date of publication, distribution, etc 2013.
300 ## - PHYSICAL DESCRIPTION
Extent xvii, 218 p. :
Other physical details ill. ;
Dimensions 24 cm.
504 ## - BIBLIOGRAPHY, ETC. NOTE
Bibliography, etc Includes Bibliographic References and Index.
521 ## - TARGET AUDIENCE NOTE
Target audience note
650 ## - SUBJECT ADDED ENTRY--TOPICAL TERM
Topical term or geographic name as entry element Computer security.
650 ## - SUBJECT ADDED ENTRY--TOPICAL TERM
Topical term or geographic name as entry element Cyberspace
General subdivision Security measures.
942 ## - ADDED ENTRY ELEMENTS (KOHA)
Source of classification or shelving scheme Library of Congress Classification
Koha item type Books
Call number prefix Foreign
Holdings
Withdrawn status Lost status Source of classification or shelving scheme Damaged status Home library Current library Shelving location Date acquired Total Checkouts Full call number Barcode Date last seen Copy number Price effective from Koha item type
    Library of Congress Classification   College Library College Library Reserve Section 12/14/2013   TK 5105.59 .K86 2013 C17241 05/15/2018 1 12/14/2013 Books

Cyberspace and cybersecurity /

APA

Kostopoulos G. K., . (2013). Cyberspace and cybersecurity. Boca Raton, Fl: CRC Press.

Chicago

Kostopoulos George K, . 2013. Cyberspace and cybersecurity. Boca Raton, Fl: CRC Press.

Harvard

Kostopoulos G. K., . (2013). Cyberspace and cybersecurity. Boca Raton, Fl: CRC Press.

MLA

Kostopoulos George K, . Cyberspace and cybersecurity. Boca Raton, Fl: CRC Press. 2013.

  • Place hold
  • Print
  • Cite
  • Add to your cart (remove)
  • Save record
    BIBTEX Dublin Core MARCXML MARC (non-Unicode/MARC-8) MARC (Unicode/UTF-8) MARC (Unicode/UTF-8, Standard) MODS (XML) RIS
  • More searches
    Search for this title in:
    Other Libraries (WorldCat) Other Databases (Google Scholar) Online Stores (Bookfinder.com) Open Library (openlibrary.org)

Exporting to Dublin Core...

SOUTHVILLE LIBRARY

Southville International School and Colleges Library

1281 Tropical Ave. Cor. Luxembourg St., BF Homes International, Las Pinas City

Tel. No. 8256374 / 252358 Loc. 117/146

Powered by Koha